مكتبة جامعة عجلون الوطنية

فهرس بحث المكتبة

Normal view MARC view
  • الارشاد النفسي-الطب النفسي-علم نفس الافراد

Entry Topical Term

Number of records used in: 1

001 - CONTROL NUMBER

  • control field: 31479

003 - CONTROL NUMBER IDENTIFIER

  • control field: JO-AjAnu

005 - DATE AND TIME OF LATEST TRANSACTION

  • control field: 20230606075311.0

008 - FIXED-LENGTH DATA ELEMENTS

  • fixed length control field: 230606|| aca||aabn | a|a d

040 ## - CATALOGING SOURCE

  • Original cataloging agency: JO-AjAnu
  • Transcribing agency: JO-AjAnu

150 ## - HEADING--TOPICAL TERM

  • Topical term or geographic name entry element: الارشاد النفسي-الطب النفسي-علم نفس الافراد

670 ## - SOURCE DATA FOUND

  • Source citation: Work cat.: (JO-AjAnu)16163: Corey,Gerald ، الخفش،سامح وديع/ترجمة, author 31478, النظرية والتطبيق في الإرشاد والعلاج النفسي